LIBRARY & INFORMATION CENTRE, KCAET, TAVANUR

ONLINE PUBLIC ACCESS CATALOGUE (OPAC)

Keenie the story of a kestrel hawk / (Record no. 4300)

MARC details
000 -LEADER
fixed length control field 00375cam a2200145ua 4500
041 ## - LANGUAGE CODE
Language code of text/sound track or separate title eng
082 ## - DEWEY DECIMAL CLASSIFICATION NUMBER
Classification number 823.301
Item number GUN/KE
100 ## - MAIN ENTRY--AUTHOR NAME
Personal name Gunston, David .
245 ## - TITLE STATEMENT
Title Keenie the story of a kestrel hawk /
260 ## - PUBLICATION, DISTRIBUTION, ETC. (IMPRINT)
Place of publication Leeds :
Name of publisher E J Arnold and son ltd ,
Year of publication 1960.
300 ## - PHYSICAL DESCRIPTION
Number of Pages 92 ; .
942 ## - ADDED ENTRY ELEMENTS (KOHA)
Koha item type Books
Holdings
Withdrawn status Lost status Damaged status Home library Current library Date acquired Full call number Accession Number Koha item type
Withdrawn     KAUAET Sanskrit University 07/04/2012 823.301 10936 Books
free website counter